Prowincje Kosowo - Mapa - Statystyki

Ogólne statystyki
  • Ten quiz został rozwiązany 39 razy
  • Średni wynik to 7 z 35
Odpowiedzi na mapie
Odpowiedzi zakodowano w zielono-czerwonej skali na mapie do tego quizu, zgodnie z poniższymi procentami.
 
Statystyki odpowiedzi
Odpowiedź % Poprawnych
Opština Priština
100%
Region Priština
100%
Opština Prizren
46%
Region Prizren
46%
Opština Peć
38%
Region Peć
38%
Opština Mitrovica
31%
Region Mitrovica
31%
Opština Dragaš
15%
Opština Klina
15%
Opština Suva Reka
15%
Region Gnjilane
15%
Opština Đakovica
8%
Opština Dečani
8%
Opština Glogovac
8%
Opština Gnjilani
8%
Opština Istok
8%
Opština Kačanik
8%
Opština Kamenica
8%
Opština Kosovo Polje
8%
Opština Leposavić
8%
Opština Mališevo
8%
Opština Novo Brdo
8%
Opština Obilić
8%
Opština Orahovac
8%
Opština Podujevo
8%
Opština Srbica
8%
Opština Štimlje
8%
Opština Štrpce
8%
Opština Uroševac
8%
Opština Vitina
8%
Opština Vučitrn
8%
Opština Zubin Potok
8%
Opština Zvečani
8%
Opština Lipljan
0%
Nie znaleziono quizów pasujących do podanych kryteriów
Rozkład punktacji
Procent ludzi z każdym wynikiem
Percentyl według liczby udzielonych odpowiedzi
Twoja historia wyników
Nie rozwiązałeś tego quizu